000 00349 a2200157 4500
001 68096
020 _a9783196015591
040 _cAnchieta - Pituba
100 _aGeorgiakaki, Manuela
240 1 0 _aPaul, Lisa & Co A1.2
_ldeu / ger
245 1 0 _aPaul, Lisa & Co A1.2
300 _a99
362 0 _a2019
650 4 _aLíngua alemã
942 _cBK
999 _c68096
_d68096